000 00666nam a2200217 a 4500
003 SISC
005 20170119145824.0
008 120614s19uu xx 00 eng d
020 _a9780071289344
050 _aHD 30.3
_b.H997 2011
100 _aHynes, Geraldine E.
245 _aManagerial communication :
_bstrategies and applications /
_cGeraldine E. Hynes.
250 _a5th edition.
260 _aSingapore :
_bMcGraw-Hill Education Asia,
_c2011.
300 _a416 pages :
_c24 cm.
_billustrations ;
500 _aIncludes index.
650 _aBusiness Communication.
650 _aCommunication in Management.
942 _cBK
_2lcc
_kFOR
999 _c24403
_d24403